书目信息 |
| 题名: |
唐人书《妙法莲华经卷五》
|
|
| 作者: | ;中国书店 编 | |
| 分册: | ||
| 出版信息: | 北京 中国书店 2009.01 |
|
| 页数: | 56页 | |
| 开本: | 29cm | |
| 丛书名: | 中国书店藏敦煌写经丛帖 | |
| 单 册: | ||
| 中图分类: | J292.24 | |
| 科图分类: | ||
| 主题词: | 楷书--法帖--中国--唐代 | |
| 电子资源: | ||
| ISBN: | 978-7-80663-554-4 | |
| 000 | 00861nam 2200241 450 | |
| 005 | 20100805181547.96 | |
| 010 | @a978-7-80663-554-4@dCNY26.00 | |
| 100 | @a20100515d2009 em y0chiy0110 ea | |
| 101 | 0 | @achi |
| 102 | @aCN@b110000 | |
| 105 | @ah z 000yy | |
| 200 | 1 | @a唐人书《妙法莲华经卷五》@Atang ren shu《miao fa lian hua jing juan wu》@f中国书店编@Fzhong guo shu dian bian |
| 210 | @a北京@c中国书店@d2009.01 | |
| 215 | @a56页@d29cm | |
| 225 | 2 | @a中国书店藏敦煌写经丛帖 |
| 330 | @a《唐人书妙法莲华经卷五》为“中国书店藏敦煌写经丛帖”之一,书后附有翻译。 | |
| 410 | 0 | @12001 @a中国书店藏敦煌写经丛帖 |
| 540 | 1 | @a唐人書《妙法蓮華經卷五》@Atang ren shu《miao fa lian kua jing juan wu》 |
| 606 | 0 | @a楷书@x法帖@y中国@z唐代 |
| 690 | @aJ292.24@v4 | |
| 711 | 02 | @a中国书店@Azhong guo shu dian@4编 |
| 801 | 0 | @aCN@c20100515 |
| 905 | @dJ292.24@eZ637@f5 | |
| 唐人书《妙法莲华经卷五》/中国书店编.-北京:中国书店,2009.01 |
| 56页;29cm.-(中国书店藏敦煌写经丛帖) |
| ISBN 978-7-80663-554-4:CNY26.00 |
| 《唐人书妙法莲华经卷五》为“中国书店藏敦煌写经丛帖”之一,书后附有翻译。 |
| ● |
| 相关链接 |
|
|
|
正题名:唐人书《妙法莲华经卷五》
索取号:J292.24/Z637
 
预约/预借
| 序号 | 登录号 | 条形码 | 馆藏地/架位号 | 状态 | 备注 |
| 1 | 998096 | 209980966 | 社科库309/309社科库 80排3列5层/ [索取号:J292.24/Z637] | 在馆 | |
| 2 | 998097 | 209980975 | 社科库309/309社科库 80排3列5层/ [索取号:J292.24/Z637] | 在馆 | |
| 3 | 998098 | 209980984 | 社科库309/309社科库 80排3列5层/ [索取号:J292.24/Z637] | 在馆 | |
| 4 | 998099 | 209980993 | 社科库309/ [索取号:J292.24/Z637] | 在馆 | |
| 5 | 998100 | 209981000 | 社科库309/309社科库 80排3列5层/ [索取号:J292.24/Z637] | 在馆 |